Nové zdaňovanie štátnych dlhopisov a štátnych pokladničných poukážok po 1. 1. 2025

Od januára 2025 sa menilo zdaňovanie štátnych dlhopisov a štátnych pokladničných poukážok, a to v dvoch smeroch: zavádza sa nové daňové zvýhodnenie pre špeciálne emitované nové dlhopisy, a to „štátne dlhopisy pre občanov“, ktoré sa použije tak pre úrokové výnosy, ako aj pre príjmy z predaja týchto š...

Descrizione completa

Salvato in:
Dettagli Bibliografici
Autore principale: Brnová, Miroslava
Natura: Capitolo di libro
Lingua:slovacco
Soggetti:
Tags: Aggiungi Tag
Nessun Tag, puoi essere il primo ad aggiungerne!!

MARC

LEADER 00000naa a2200000 4500
001 0307986
005 20250404102843.9
041 0 |a slo 
044 |a SK 
245 1 0 |a Nové zdaňovanie štátnych dlhopisov a štátnych pokladničných poukážok po 1. 1. 2025  |c Miroslava Brnová 
520 |a Od januára 2025 sa menilo zdaňovanie štátnych dlhopisov a štátnych pokladničných poukážok, a to v dvoch smeroch: zavádza sa nové daňové zvýhodnenie pre špeciálne emitované nové dlhopisy, a to „štátne dlhopisy pre občanov“, ktoré sa použije tak pre úrokové výnosy, ako aj pre príjmy z predaja týchto štátnych dlhopisov, a v prípade úrokov z ostatných vybraných štátnych dlhopisov a štátnych pokladničných poukážok nové zvýhodnené sadzby dane. 
610 2 0 |a dlhopisy štátne 
610 2 0 |a zdaňovanie 
610 2 0 |a dane 
610 2 0 |a legislatíva 
610 2 0 |a poukážky 
100 1 |a Brnová, Miroslava